The Oxford popular history of Britain
Saved in:
| Other Authors: | |
|---|---|
| Format: | Book |
| Language: | English |
| Published: |
London :
Oxford University Press,
1993.
|
| Subjects: | |
| Tags: |
Add Tag
No Tags, Be the first to tag this record!
|
MARC
| LEADER | 00000nam a2200000 a 4500 | ||
|---|---|---|---|
| 001 | 1/127417 | ||
| 008 | 231006s1993####enk| ||| |||| ||eng|| | ||
| 020 | |a 0752518534 | ||
| 040 | |a GR-MyUa |b gre |c GR-MyUa |e AACR2 | ||
| 041 | 0 | |a eng | |
| 082 | 7 | |a 941.082 |2 (23) | |
| 245 | 0 | 4 | |a The Oxford popular history of Britain / |c επιμέλεια: Kenneth O. Morgan. |
| 260 | |a London : |b Oxford University Press, |c 1993. | ||
| 300 | |a xii, 747 σ. ; |c 24 εκ. | ||
| 504 | |a Περιλαμβάνει βιβλιογραφικές παραπομπές, σημειώσεις και χρονολόγιο. | ||
| 651 | 0 | |a Great Britain |x History. | |
| 700 | 1 | |a Morgan, Kenneth O. |e edt | |
| 852 | |a INST |b RHODES |e 20231006 |h 941.082 OXF |p 005400043811 |q 005400043811 |t BK |y 0 | ||
| 970 | |z 06-10-2023 | ||